Statistiken für Alle Minderheiten Italiens

Klicken Sie hier um das Quiz zu spielen!

Allgemein

  • Dieses Quiz wurde 54 mal gespielt
  • Das Durchschnittsergebnis liegt bei 17 aus 30

Antwortstatistiken

BevölkerungLand% Korrekt
36,980Deutschland
91%
31,400Frankreich
91%
305,089China
87%
432,458Marokko
81%
98,321Tunesien
81%
1,207,919Rumänien
79%
39,484Russland
77%
35,064Serbien
72%
136,113Ägypten
70%
440,854Albanien
70%
59,806Bulgarien
70%
31,183Vereinigtes Königreich
68%
91,681Polen
66%
240,428Ukraine
62%
161,101Indien
60%
117,809Nigeria
60%
40,414Kosovo
53%
111,380Senegal
49%
127,101Pakistan
47%
54,556Brasilien
45%
51,619Ghana
45%
58,057Nordmazedonien
38%
124,545Moldawien
36%
147,872Bangladesch
32%
31,155Elfenbeinküste
30%
169,137Philippinen
28%
97,738Peru
23%
114,910Sri Lanka
23%
77,408Ecuador
17%
30,743Dominikanische Republik
15%

Verteilung der Resultate

Perzentil nach korrekt beantworteten Fragen

Anzahl Personen mit jedem Resultat

Ihre Resultats-Entwicklung

Sie haben dieses Quiz noch nicht gespielt